[Event "Lidums Checkmate Op"]
[Site "Adelaide"]
[Date "2007.07.08"]
[Round "5.2"]
[White "Johansen, Darryl Keith"]
[Black "Tao, Trevor"]
[Result "0-1"]
[Annotator "Fritz 10"]
[BlackElo "2354"]
[EventCountry "AUS"]
[EventDate "2007.07.07"]
[EventRounds "7"]
[EventType "swiss"]
[PlyCount "114"]
[WhiteElo "2445"]

{ C50: Hungarian Defence and Giuoco Pianissimo } 1. e4 e5 2. Nf3 Nc6 3. Bc4 g6
4. d3 ( 4. c3 Bg7 5. d4 exd4 6. cxd4 d6 7. O-O h6 8. Qb3 Qd7 9. Qe3 Nge7 10.
Nc3 O-O 11. a3 a6 12. b4 b5 13. Bb3 a5 14. d5 axb4 15. dxc6 Nxc6 16. Nd5 Bxa1
17. e5 Qf5 18. Nf6+ Qxf6 { Pelikian,J  ( 2393 ) -Gauche,C  ( 2310 ) /Sao Paulo
2000/CBM 076 ext/1-0  ( 31 )}  )4... Bg7 5. Ng5 Nh6 6. a3 $146 { Secures b4}  (
6. Nc3 O-O 7. Nd5 ( 7. h3 Ne7 8. g4 Kh8 9. Qe2 c6 10. Qe3 f6 11. Nxh7 Kxh7 12.
Qg3 d5 13. Bb3 g5 14. h4 Be6 15. hxg5 fxg5 16. Bxg5 Qd7 17. Bxh6 Bxg4 18. Bxg7+
Kxg7 19. Rh4 Ng6 20. Rxg4 Qe6 21. exd5 Qf6 { Morozov,A-Chmelar,J/Prague
2006/CBM 110 ext/1-0}  )7... d6 8. Nf3 Ng4 9. h3 Nf6 10. Bg5 Be6 11. Qd2 b6 12.
O-O-O Na5 13. Rhe1 c6 14. Nxf6+ Bxf6 15. Bxf6 Qxf6 16. Bxe6 fxe6 17. Qh6 Rf7
18. Ng5 Rg7 19. Rd2 c5 20. Re3 Rd7 { Terborg,L-Hinske,S/Lingen
1995/Juniors/1-0}  )6... f6 { Black threatens to win material: f6xg5}  7. Nf3
Nf7 8. Nc3 O-O 9. h4 h6 { Prevents intrusion on g5}  ( 9... h5 10. Be3 $16 )10.
h5 ( 10. Be3 $5 $16)10... g5 $14 11. Nd2 ( 11. Be3 d6 $14 )11... Ne7 12. g4 c6
{ Black's piece can't move: c8}  13. Qf3 b5 { Black threatens to win material:
b5xc4}  14. Bb3 Bb7 15. Nf1 d5 16. Ng3 Qd7 17. O-O { White is not afraid to
castle}  17... Kh8 18. Nd1 d4 { Black wins space}  19. Nf5 ( 19. a4 $5 $11 {
deserves consideration} )19... Nxf5 $15 20. Qxf5 Qxf5 ( 20... Qc7 $5 $15)21.
gxf5 $11 Nd6 22. a4 a6 23. f3 c5 24. Be6 { White can be proud of that piece} 
24... Bc6 25. b3 { Consolidates c4}  ( 25. Kg2 bxa4 26. Nf2 Rab8 $15 )25...
bxa4 26. bxa4 Rfb8 27. Ba3 { White threatens to win material: Ba3xc5}  27...
Bxa4 ( 27... Nb7 $5 $15)28. Bxc5 $11 { Black has a new passed pawn: a6}  28...
Nb7 { Black threatens to win material: Nb7xc5}  29. Be7 Bxc2 ( 29... Re8 $5 {
should be investigated more closely}  30. Ba3 Nd8 $11 )30. Nf2 $16 Re8 31. Ba3
Ba4 ( 31... Na5 32. Bb4 Nc6 33. Bd6 $16 )32. Bd5 Rab8 33. Rfb1 ( 33. Rfc1 $5
$142 Bb5 34. Rc7 $18 )33... Bb5 $11 34. Rc1 ( 34. Ng4 Nd8 $14 )34... Bf8 (
34... Red8 35. Be6 $15 )35. Rc7 ( 35. Ng4 Bxa3 ( 35... Bxd3 $2 { leads to
nothing}  36. Nxf6 Nd6 37. Nxe8 Rxe8 38. Bxd6 Bxd6 39. Bc4 Bxc4 40. Rxc4 $18
)36. Rxa3 Rf8 $11 )35... Bxa3 $11 36. Rxa3 Nd6 37. Ng4 { White threatens to win
material: Ng4xf6}  37... Rbc8 { Black threatens to win material: Rc8xc7}  38.
Ra7 { Attacking the isolated pawn on a6}  38... Rf8 39. R3xa6 Bxa6 40. Rxa6 {
Black wins the exchange}  40... Rcd8 ( 40... Rc2 41. Rxd6 Rb8 42. Nh2 $11 )41.
Nxh6 $11 Kg7 42. Ng4 { The knight is not easily driven from g4}  42... Nxf5 43.
Ra7+ Kh8 44. Kf2 ( 44. Bf7 Ne3 45. Bg6 Nxg4 46. Rh7+ Kg8 47. fxg4 Rb8 $11
)44... Rd6 ( 44... Nd6 45. Nh6 $15 )45. Ba2 ( 45. Bf7 Ne3 46. Nh6 $11 ( 46.
Nxe3 $143 dxe3+ 47. Kxe3 Rfd8 $17 ))45... Ng7 ( 45... Ne3 $17 $142)46. h6 $2 {
He broke from his leash}  ( 46. Bf7 $15 $142 { would allow White to play on}
)46... Nh5 $19 47. h7 Rb6 ( 47... Rc6 48. Bc4 Rfc8 49. Nh6 $19 )48. Nh6 Rb2+
49. Ke1 Rxa2 $1 { keeping ahead of the opponent}  50. Rxa2 Kxh7 51. Nf5 Nf4 {
Black threatens to win material: Nf4xd3}  ( 51... Rf7 $5 $17)52. Ra7+ Kh8 53.
Kd2 ( 53. Nh6 $5 $17)53... Rb8 $19 54. Ra3 Rb2+ 55. Ke1 ( 55. Kc1 Rh2 56. Kd1
Rh3 57. Ra8+ Kh7 58. Ra7+ Kg8 $19 )55... Ng2+ ( 55... Kg8 $5 56. Nh6+ Kg7 57.
Nf5+ Kf7 58. Kf1 $19 )56. Kf1 Ne3+ 57. Ke1 $4 { terrible, but the game is lost
in any case}  ( 57. Kg1 $19 $142)57... Nc2+ ( 57... Nc2+ 58. Kd1 Nxa3 $19 ) 0-1

[Event "Lidums Checkmate Op"]
[Site "Adelaide"]
[Date "2007.07.08"]
[Round "5.3"]
[White "Stojic, Dusan"]
[Black "Chapman, Mark"]
[Result "1-0"]
[Annotator "Fritz 10"]
[BlackElo "2444"]
[EventCountry "AUS"]
[EventDate "2007.07.07"]
[EventRounds "7"]
[EventType "swiss"]
[PlyCount "49"]
[WhiteElo "2169"]

{ C72: Ruy Lopez: Deferred Steinitz: 5 0-0 } 1. e4 e5 2. Nf3 Nc6 3. Bb5 a6 4.
Ba4 d6 5. O-O Bg4 6. h3 h5 7. Bxc6+ bxc6 8. d4 Bxf3 9. Qxf3 exd4 10. Rd1 Qf6
11. Qb3 Kd7 $146 ( 11... Ne7 12. Qb7 ( 12. c3 Qe6 13. cxd4 Qxb3 14. axb3 g6 15.
Be3 Bg7 16. Ra4 Kd7 17. Nd2 Rhe8 18. f3 { 1/2-1/2 Khalifman,A  ( 2678 )
-Sermek,D  ( 2568 ) /Plovdiv 2003/CBM 098}  )12... Rc8 ( 12... Rd8 13. Qxc7 g5
14. Rd3 ( 14. Qa5 Bh6 15. Qxa6 g4 16. Bxh6 Rxh6 17. Qd3 Ng6 18. Qxd4 Ne5 19.
Qe3 gxh3 20. Qxh3 Rg6 21. Nd2 Rg4 22. Kf1 Rf4 23. f3 Ke7 24. Ke2 Rg8 25. Rh1 h4
26. Rhg1 Rg3 27. Qc8 Qg5 28. Qc7+ Nd7 { Slizhevsky,A  ( 2422 ) -Yandemirov,V  (
2518 ) /St Petersburg 2005/CBM 108 ext/0-1  ( 37 )}  ) 14... g4 15. Nd2 Rg8 16.
Nf1 h4 17. Bd2 gxh3 18. Rxh3 Bh6 19. Bxh6 Qxh6 20. Re1 Qg5 21. Rh2 Qb5 22. Qa7
Qxb2 23. e5 Qc3 24. Re4 Qc5 25. Qxc5 dxc5 26. Rhxh4 Rb8 27. Re1 { Smirin,I  (
2652 ) -Yandemirov,V  ( 2515 ) /Saint Vincent 2005/CBM 110/1/2-1/2  ( 33 )} 
)13. c3 dxc3 14. Nxc3 g6 ( 14... Qe6 15. Be3 Rg8 16. f4 f5 17. e5 Kf7 18. Rac1
dxe5 19. Na4 exf4 20. Bxf4 Qe4 21. Qb3+ Kg6 22. Qg3+ Kh7 23. Nc5 Qe2 24. Rd2
Qb5 25. Qg5 g6 26. Nd7 { 1-0 Spraggett,K  ( 2577 ) -Sethuraman,S  ( 2290 )
/Andorra la Vella 2006/CBM 113 ext}  )15. Be3 Qe6 16. Bd4 f6 17. f4 Bg7 18. f5
Qf7 19. Qxa6 O-O 20. Qd3 Rb8 21. b3 c5 22. Bf2 gxf5 23. exf5 Rb4 24. Re1 Nc6
25. Re6 Ne5 26. Qc2 { Azarov,S  ( 2556 ) -Sermek,D  ( 2547 ) /Mallorca 2004/CBM
104/1-0  ( 39 )}  )( 11... Ne7 $5 $14 { has some apparent merit} )12. Nd2 Re8
13. Qb7 Qe6 14. Qxa6 Nf6 15. Nb3 Nxe4 16. Nxd4 Qd5 17. Be3 Nc5 18. Qa7 ( 18.
Qf1 Na4 19. c4 Qa5 $18 )18... Qc4 19. Nf3 Ne4 $4 { an oversight. But Black was
lost anyway.}  ( 19... d5 $142 20. b3 Qb4 $18 )20. Bb6 f5 ( 20... Ke7 { hoping
against hope}  21. Rd4 Qxc2 22. Rxe4+ Qxe4 $18 )21. Qxc7+ Ke6 22. b3 ( 22. Rd4
$142 { makes sure everything is clear}  22... Qxc2 23. Rxe4+ Qxe4 24. Ng5+ Kf6
25. Nxe4+ Rxe4 $18 )22... Qa6 23. Qxc6 Be7 ( 23... Qc8 { does not win a prize} 
24. Qd5+ Ke7 25. Nh4 $18 )24. Nd4+ ( 24. Qd5+ $142 { it becomes clear that
White will call all the shots}  24... Kf6 25. Bd4+ Kg6 26. Qe6+ Kh7 27. Qxf5+
Kh6 28. g4 $18 )24... Kf6 25. Nxf5 $1 { Deflection: e4}  ( 25. Nxf5 Kxf5 26.
Qd5+ Kg6 27. Qxe4+ Kf7 28. Qd5+ Kg6 29. Rd3 $18 ) 1-0

[Event "Lidums Checkmate Op"]
[Site "Adelaide"]
[Date "2007.07.08"]
[Round "5.4"]
[White "Toth, Andras"]
[Black "Scott, Ronald"]
[Result "1-0"]
[Annotator "Fritz 10"]
[BlackElo "2172"]
[EventCountry "AUS"]
[EventDate "2007.07.07"]
[EventRounds "7"]
[EventType "swiss"]
[PlyCount "53"]
[WhiteElo "2421"]

{ A55: Old Indian Defence with Nf3 and e4 } 1. d4 d6 2. c4 Nf6 3. Nc3 Nbd7 4. e4
e5 5. Nf3 c6 6. Be2 Be7 7. O-O O-O 8. Qc2 a6 9. h3 b5 10. Be3 $146 ( 10. Rd1
Qc7 11. a3 Bb7 12. Rb1 Rfe8 13. Bg5 h6 14. Bh4 Bf8 15. dxe5 dxe5 16. Bg3 b4 17.
axb4 Bxb4 18. Na2 Bf8 19. Nc3 a5 20. Nh4 Bc8 21. Na4 Nc5 22. Nxc5 Bxc5 23. Nf5
Kh7 24. Bh4 Ng8 { Baquero,L  ( 2345 ) -Tosic,M  ( 2405 ) /Belgrade
1988/TD/1/2-1/2  ( 77 )}  )( 10. c5 Bb7 11. cxd6 Bxd6 12. Bg5 h6 13. Bh4 exd4
14. Nxd4 Qc7 15. Nf5 { 1/2-1/2 Rogers,I  ( 2515 ) -Lobron,E  ( 2515 ) /Biel
1986/MCL}  )( 10. b3 Re8 11. dxe5 dxe5 12. Be3 Bb7 13. Rfd1 Qc7 14. a3 b4 15.
axb4 Bxb4 16. Nd2 Nc5 17. Na2 Bxd2 18. Bxc5 Nd7 19. Ba3 Bg5 20. Bd6 Qb6 21. c5
Qa7 22. b4 Bc8 23. Bc4 Nf8 24. Bxf8 Kxf8 { Saralegui,M  ( 2196 ) -Vodyasov,E  (
2248 ) /Turin 2006/CBM 113/1/2-1/2  ( 39 )}  )( 10. a3 Qc7 ( 10... Bb7 11. Re1
Re8 12. Bg5 h6 13. Be3 exd4 14. Nxd4 Bf8 15. Nf5 Nc5 16. Ng3 Qc7 17. Rad1 g6
18. b4 Ncd7 19. Qb3 Rac8 20. Rc1 Qd8 21. Bd4 h5 22. f3 h4 23. Nf1 Nh5 24. Be3
Qf6 25. Nh2 { Ubilava,E  ( 2465 ) -Gulko,B  ( 2485 ) /Tallinn 1983/MCL/1/2-1/2 
( 33 )}  )11. Be3 Bb7 12. Rac1 Rac8 13. Rfd1 Rfe8 14. Qb1 Qb8 15. dxe5 dxe5 16.
b4 c5 17. cxb5 cxb4 18. axb4 axb5 19. Qb3 Bc6 20. Ng5 Rf8 21. Nxb5 Nxe4 22.
Rxc6 Bxg5 23. Rxc8 Qxc8 24. Bxg5 Nxg5 { Littlewood,P  ( 2465 ) -Stein,B  ( 2375
) /Plovdiv 1983/EU-chT/1-0}  )10... Bb7 11. a3 Re8 12. b4 { White intends c5} 
( 12. Rfe1 Rc8 $14 )12... Rc8 ( 12... exd4 $5 13. Nxd4 Nb6 $11 )13. dxe5 $14 (
13. cxb5 $6 cxb5 14. Qd3 d5 15. exd5 e4 16. Nxe4 Nxe4 17. Qxe4 Bxb4 $15 )13...
Nxe5 14. Nxe5 dxe5 15. c5 { This push gains space}  15... Qc7 16. f4 { Black
has a cramped position}  16... Ra8 ( 16... Nd7 17. a4 $14 )17. fxe5 Qxe5 18.
Bf4 Qe6 19. e5 Nd5 ( 19... Nd7 $5 20. Bh5 $18 )20. Bg4 Qg6 21. Bf5 Qh5 22. Nxd5
cxd5 23. e6 ( 23. Bg4 Qg6 24. Qxg6 hxg6 $16 ( 24... fxg6 $4 25. Be6+ Kh8 26.
Bd7 $18 ))23... Bf6 ( 23... fxe6 24. Bxe6+ Kh8 25. Bd7 $18 )24. exf7+ $18 Kxf7
25. Rae1 ( 25. Rad1 $142 Kg8 26. c6 $18 )25... Kg8 $4 { further deteriorates
the position}  ( 25... Rxe1 $142 26. Rxe1 Bc8 $18 )26. c6 $18 Bxc6 27. Qxc6 (
27. Qxc6 Kh8 28. Rxe8+ Qxe8 29. Bd7 Bd4+ 30. Kh1 $18 ) 1-0

[Event "Lidums Checkmate Op"]
[Site "Adelaide"]
[Date "2007.07.08"]
[Round "5.5"]
[White "Sandler, Leonid"]
[Black "Morris, James"]
[Result "0-1"]
[Annotator "Fritz 10"]
[BlackElo "2035"]
[EventCountry "AUS"]
[EventDate "2007.07.07"]
[EventRounds "7"]
[EventType "swiss"]
[PlyCount "77"]
[WhiteElo "2345"]

{ D45: Semi-Slav: 5 e3 } 1. Nf3 d5 2. d4 c6 3. c4 Nf6 4. Nc3 e6 5. e3 Be7 6. Qc2
Nbd7 7. g4 dxc4 8. Bxc4 b5 9. Be2 Bb7 10. g5 Nd5 11. Nxd5 cxd5 12. Bd2 a6 13.
Rg1 $146 ( 13. Qb3 Bd6 14. O-O-O Nb6 15. Ba5 Qc8+ 16. Kb1 Nc4 17. Bb4 O-O 18.
Bxd6 Nxd6 19. Ne5 Nc4 20. Rhg1 Qc7 21. Nd3 Qxh2 22. Ka1 Qc7 23. Rh1 g6 24. Rh6
Kg7 25. Rdh1 Rh8 26. Nc5 Rag8 27. e4 Bc8 { Perez,R  ( 2412 ) -Vallejo Diaz,J  (
2197 ) /Lorca 2006/CBM 113 ext/1/2-1/2  ( 45 )}  )( 13. Qb3 O-O $11 )13... Rc8
{ Black threatens to win material: Rc8xc2}  14. Qb3 Qb6 ( 14... Nb6 15. Bb4 $15
)15. a3 { Covers b4}  ( 15. Rg3 b4 $11 )15... f6 ( 15... Bd6 $5 $11)16. gxf6
Bxf6 ( { Worse is } 16... gxf6 17. Bb4 $16 )17. Bd3 e5 18. dxe5 ( 18. Bf5 $5
exd4 19. exd4 $14 )18... Nxe5 $15 19. Nxe5 Bxe5 { White has new hanging pawns:
e3+f2}  20. a4 { White threatens to win material: a4xb5}  ( 20. Rg5 Bf6 21. Rg2
O-O $15 )20... Qf6 ( 20... O-O $5 21. axb5 axb5 $17 )21. axb5 $11 O-O 22. Rg2 (
22. f4 $5 Bxb2 23. bxa6 $11 )22... axb5 $17 23. Ra7 Bc6 $4 { a transit from
better to worse}  ( 23... Ra8 $142 24. Rxa8 Rxa8 $17 ( 24... Bxa8 $6 25. f4 $11
))24. Raxg7+ $18 Qxg7 25. Rxg7+ Bxg7 26. Qc2 ( 26. Bc3 Rc7 $18 )26... h6 $2 (
26... Bd7 $5 $142 27. Qd1 Rf7 $18 )27. Qd1 ( 27. Bc3 d4 28. Qb3+ Kh8 29. Bxd4
Bxd4 30. exd4 Rf3 $18 )27... d4 $2 ( 27... Bd7 $142 28. Qh5 Be6 $18 )28. Bxb5 (
28. Qb3+ $142 { ends the debate}  28... Kh8 29. Qe6 dxe3 30. fxe3 $18 )28...
Bxb5 $19 29. Qb3+ ( 29. Qh5 Bc4 30. exd4 Rfe8+ 31. Be3 Bxd4 32. Qxh6 Bxb2 33.
Qg5+ Bg7 34. Qg4 $19 )29... Bc4 30. Qb4 dxe3 31. Bxe3 Bf7 32. Qg4 Kh7 33. Bd4
Bxd4 ( 33... Rfe8+ $142 { makes it even easier for Black}  34. Be3 Rc1+ 35. Ke2
Rc2+ 36. Kf1 Bc4+ 37. Ke1 Re2+ 38. Kf1 Bd3 39. Qxe2 Bxe2+ 40. Kxe2 Bxb2 $19
)34. Qxd4 $4 { sad, but how else could White save the game?}  ( 34. Qe4+ Bg6
35. Qxd4 $19 )34... Rfe8+ 35. Kf1 Bc4+ ( 35... Rc1+ $142 { finishes off the
opponent}  36. Kg2 Rg8+ 37. Kf3 Bh5+ 38. Ke4 Re1+ 39. Kd5 Rd8+ 40. Kc4 Rxd4+
41. Kxd4 Rh1 $19 )36. Kg2 Rg8+ 37. Kf3 Rcf8+ 38. Ke3 Bf7 39. f4  0-1

[Event "Lidums Checkmate Op"]
[Site "Adelaide"]
[Date "2007.07.08"]
[Round "5.6"]
[White "Wright, Neil S"]
[Black "Chow, Samuel"]
[Result "0-1"]
[Annotator "Fritz 10"]
[BlackElo "2297"]
[EventCountry "AUS"]
[EventDate "2007.07.07"]
[EventRounds "7"]
[EventType "swiss"]
[PlyCount "62"]
[WhiteElo "2141"]

{ D90: Grünfeld: 4 Nf3 Bg7 sidelines } 1. Nf3 Nf6 2. d4 g6 3. c4 Bg7 4. Nc3 d5
5. cxd5 Nxd5 6. Na4 Bf5 7. Nh4 O-O $146 ( 7... Bc8 8. e4 Nf6 9. Nc3 O-O 10. Be2
c5 11. d5 e6 12. Nf3 exd5 13. exd5 Bf5 14. O-O Ne4 15. Qb3 Qb6 16. Na4 Qxb3 17.
axb3 Nd7 18. Nh4 Rfe8 19. Nxf5 gxf5 20. Bb5 Rad8 21. Be3 a6 22. Bd3 { Narciso
Dublan,M  ( 2530 ) -Ivanchuk,V  ( 2748 ) /Barcelona 2005/CBM 110/0-1  ( 49 )} 
)( 7... Nc6 8. Nxf5 gxf5 9. e3 e5 10. dxe5 Nxe5 11. Be2 Qd6 12. O-O O-O-O 13.
Qc2 f4 14. exf4 Nc6 15. Bg4+ Kb8 16. Qc5 Nd4 17. Qxd6 Rxd6 18. Rb1 Bh6 19. Bh5
Bxf4 20. Rd1 Bxc1 21. Rxd4 Nf4 22. Rxd6 { Anastasian,A  ( 2587 )
-Kristjansson,S  ( 2404 ) /Antalya 2004/CBM 101/1-0}  )( 7... Bg4 8. h3 Bd7 9.
Nf3 $11 )8. Nxf5 $14 gxf5 9. e3 { Secures f4}  9... e6 10. Bd3 ( 10. Bd2 Nd7
$14 )10... Qh4 ( 10... Nd7 11. O-O $11 )11. h3 ( 11. Qf3 Nd7 12. Qg3 Qxg3 13.
hxg3 Nb4 $14 )11... Nc6 12. g3 { White threatens to win material: g3xh4}  12...
Qe7 13. O-O Rfd8 14. a3 { Consolidates b4}  14... a6 { Controls b5}  15. Nc3
Qd6 16. Qh5 { Black king safety dropped}  16... Nf6 { Black threatens to win
material: Nf6xh5}  17. Qf3 { Black king safety improved}  17... Ne7 18. Qxb7 (
18. Rd1 c5 19. dxc5 Qxc5 20. Qxb7 Nfd5 21. Nxd5 Nxd5 $14 )18... c5 $11 { Black
threatens to win material: c5xd4}  19. Rd1 cxd4 20. exd4 Nfd5 { The knight
likes it on d5}  21. Qb3 ( 21. Nxd5 $5 Nxd5 22. Qb3 $11 )21... Bxd4 $15 22. Ne2
Ba7 23. Qc2 ( 23. Nf4 Rab8 24. Qa4 Nf6 $15 )23... Nc6 24. Bg5 { White threatens
to win material: Bg5xd8}  24... Rdc8 25. Rac1 $2 ( 25. Qa4 $15)25... Rc7 $4 {
throwing away the advantage}  ( 25... Ne5 $142 26. Qxc8+ Rxc8 27. Rxc8+ Kg7 $19
)26. Qd2 $4 { gives the opponent counterplay}  ( 26. Bf4 $142 { would be a
reprieve}  26... Nxf4 27. Nxf4 $11 )26... Ne5 $19 27. Kg2 Rxc1 28. Qxc1 ( 28.
Nxc1 { is not the saving move}  28... Qc6 29. Kf1 Nf3 $19 )28... Qb6 29. Be3
Qb7 30. Kf1 ( 30. Be4 { a last effort to resist the inevitable}  30... fxe4 31.
Bxa7 $19 )30... Nxe3+ 31. fxe3 Qf3+ ( 31... Qf3+ 32. Ke1 Bxe3 33. Qxe3 Qxe3 $19
) 0-1

[Event "Lidums Checkmate Op"]
[Site "Adelaide"]
[Date "2007.07.08"]
[Round "5.7"]
[White "Zvedeniouk, Ilya"]
[Black "West, Guy"]
[Result "0-1"]
[Annotator "Fritz 10"]
[BlackElo "2291"]
[EventCountry "AUS"]
[EventDate "2007.07.07"]
[EventRounds "7"]
[EventType "swiss"]
[PlyCount "110"]
[WhiteElo "2123"]

{ B01: Scandinavian Defence } 1. e4 d5 2. exd5 Nf6 3. d4 Bg4 4. Nf3 Qxd5 5. Be2
Nc6 6. c4 Qf5 7. h3 ( 7. Be3 O-O-O 8. Nc3 e5 9. d5 Bxf3 10. Bxf3 Nd4 11. Bxd4
exd4 12. Qxd4 Re8+ 13. Kd2 g5 14. h3 h5 15. Qd3 Qd7 16. Qd4 Qf5 17. Qd3 Qd7 18.
Qd4 Qf5 { 1/2-1/2 Lopez Martinez,J  ( 2437 ) -De la Riva Aguado,O  ( 2552 )
/Seville 2004/CBM 103}  )7... Bxf3 8. Bxf3 O-O-O 9. Be3 e5 $146 { Black
threatens to win material: e5xd4}  ( 9... Nb4 10. O-O ( 10. Na3 e5 11. O-O exd4
12. Bd2 Nd3 13. Qb3 Nc5 14. Qb5 Qd7 15. Qa5 Kb8 16. Bf4 b6 17. Qd2 Nfe4 18. Qd1
f5 19. Nb5 Ne6 20. Be5 a6 21. Na3 Bxa3 22. bxa3 N6c5 23. Qb1 Ka7 24. Bxe4 fxe4
{ Ionica,I  ( 2234 ) -Corke,A  ( 2216 ) /Rijeka 2006/CBM 111 ext/0-1  ( 40 )} 
)10... Nc2 11. Na3 Nxa1 12. Qa4 a6 13. Rxa1 Qd7 14. Qb3 c6 15. d5 cxd5 16. cxd5
Nxd5 17. Rd1 e6 18. Rxd5 Qxd5 19. Bxd5 Rxd5 20. Nc4 Bc5 21. Bxc5 Rxc5 22. Nd6+
Kc7 23. Nxf7 Re8 24. Qg3+ { Horther,H  ( 2398 ) -Mittelsteiner,H  ( 2022 ) /Bad
Woerishofen 2000/CBM 075 ext/1-0}  )( 9... Nxd4 $5 $142 10. Bxd4 Qe6+ 11. Be2
c5 $17 )10. d5 $15 { White threatens to win material: d5xc6}  10... Nb4 11. O-O
Nc2 { Black threatens to win material: Nc2xa1}  12. Nc3 Nxa1 13. Qa4 a6 {
Consolidates b5}  14. Rxa1 e4 $2 ( 14... Kb8 $5 $142 { would keep Black alive} 
15. Re1 h6 $14 )15. Nxe4 $16 Qe5 ( 15... Qd7 16. Qc2 Nxe4 17. Bxe4 Kb8 $18 )16.
Ng5 ( 16. Nxf6 $142 { a pity that White didn't try this}  16... Qxb2 17. Rd1
gxf6 18. c5 $18 )16... Rd7 $14 17. c5 ( 17. Qc2 h6 18. Ne4 Nxe4 19. Bxe4 $16 (
19. Qxe4 $6 Qxe4 ( 19... Qxb2 $4 { leads to mate in 4}  20. Qe8+ Rd8 21. Bg4+
f5 22. Bxf5+ Kb8 23. Qxd8# ) 20. Bxe4 g6 $11 ))17... Bxc5 $17 { Deflection: c5}
 ( 17... Nxd5 $4 { the pawn is indigestible}  18. c6 bxc6 19. Bd4 Qxd4 20. Qxd4
$18 )18. Bxc5 Qxg5 19. Be3 { White threatens to win material: Be3xg5}  19...
Qe5 { Black threatens to win material: Qe5xb2}  20. Bd4 ( 20. Rd1 Re8 $17 (
20... Nxd5 $2 { doesn't solve anything}  21. Qxd7+ Kxd7 22. Rxd5+ Ke6 23. Rxe5+
Kxe5 24. Bd2 $18 )( 20... Qxb2 $6 { is clearly inferior}  21. Bd4 Qb5 22. Qc2
$11 ))20... Qf4 21. Qc4 Rhd8 22. Qc5 ( 22. Re1 $5 $17)22... Rxd5 $19 23. Bxd5
Rxd5 ( 23... Nxd5 $6 24. Bxg7 f6 25. Rd1 $15 )24. Be3 Rxc5 25. Bxf4 Nd5 26. Be5
f6 27. Bd4 ( 27. Bg3 Rc2 28. Rd1 c6 $19 )27... Rc2 28. Re1 ( 28. Rb1 Kd7 $19
)28... Kd7 ( 28... c5 $5 { and Black can already relax}  29. Be3 Nxe3 30. Rxe3
Rxb2 31. Ra3 $19 )29. Rd1 Ke6 30. Re1+ Kf7 31. Rd1 ( 31. Rb1 c5 32. Be3 b5 $19
)31... b5 ( 31... c5 { might be the shorter path}  32. Bc3 Nxc3 33. bxc3 $19
)32. f3 $2 ( 32. a3 $19)32... Nf4 33. Bf2 ( 33. Bc3 { cannot change destiny} 
33... Ne2+ 34. Kh2 Nxc3 35. bxc3 c5 $19 )33... Rc1 $1 { Decoy: c1}  34. Rxc1
Ne2+ 35. Kf1 Nxc1 36. a3 Nd3 37. Bd4 c5 { Black plans b4}  38. Bc3 Ke6 ( 38...
b4 { keeps an even firmer grip}  39. axb4 cxb4 40. Bd4 $19 )39. Ke2 Nf4+ 40.
Kf2 ( 40. Kf1 h5 $19 )40... b4 $1 { Decoy: b4}  41. axb4 cxb4 42. Bd2 Nd5 (
42... Ke5 $5 43. g3 Nd5 44. Ke2 $19 )43. Ke2 Ke5 44. Kd3 Nf4+ 45. Bxf4+ $4 {
shortens the misery for White}  ( 45. Kc4 $142 Nxg2 46. Kxb4 $19 )45... Kxf4
46. Kc4 ( 46. h4 { hardly improves anything}  46... Kg3 47. h5 Kxg2 $19 )46...
Kg3 47. Kxb4 Kxg2 48. Ka5 Kxh3 ( 48... Kxf3 $142 { and Black can celebrate
victory}  49. Kxa6 f5 50. b4 $19 )49. Kxa6 g5 50. b4 f5 { Black prepares g4} 
51. b5 g4 52. fxg4 f4 53. b6 f3 54. b7 f2 55. b8=Q ( 55. Ka7 f1=Q 56. b8=Q Qf7+
57. Qb7 Qxb7+ 58. Kxb7 Kxg4 59. Ka6 $19 )55... f1=Q+ ( 55... f1=Q+ 56. Ka5 Qa1+
57. Kb6 Qb1+ 58. Kc7 Qxb8+ 59. Kxb8 Kxg4 $19 ) 0-1